000 00596nam a2200229Ia 4500
005 20250508170106.0
008 008 250505s9999 xx 000 0 eng d
020 _a978-93-5386-226-0
037 _aTextual
040 _aFEDL
_beng
_cFEDL
041 _aeng
_2eng
084 _a155.82, MAT
_qFEDL
100 _aMatsumoto David
245 0 _aCulture and psychology
250 _a6
260 _aDelhi, India
_bCengage
_c2017
300 _axxvi, 483p.
365 _aINR
_b1095
700 _a Juang Linda
_9782988
942 _cTEXL
_h155.82, MAT
999 _c1399163
_d1399163